<?xml version="1.0" encoding="UTF-8"?><OAI-PMH xmlns="http://www.openarchives.org/OAI/2.0/" xmlns:xsi="http://www.w3.org/2001/XMLSchema-instance"     xsi:schemaLocation="http://www.openarchives.org/OAI/2.0/ http://www.openarchives.org/OAI/2.0/OAI-PMH.xsd"><responseDate>2026-06-06T02:47:29Z</responseDate><request verb="GetRecord" identifier="oai:regmurcia.com:fintegr.119" metadataPrefix="marc21">http://oai.regmurcia.com/oai2/oai2.php</request><GetRecord><record><header><identifier>oai:regmurcia.com:fintegr.119</identifier><datestamp>2026-06-06</datestamp><setSpec>documentos</setSpec></header><metadata><record  xmlns="http://www.loc.gov/MARC21/slim" xmlns:xsi="http://www.w3.org/2001/XMLSchema-instance" xsi:schemaLocation="http://www.loc.gov/MARC21/slim http://www.loc.gov/standards/marcxml/schema/MARC21slim.xsd" type="Bibliographic"><leader>00000nam a2200000   4500</leader><controlfield tag="001" >005128968</controlfield><controlfield tag="003" >119</controlfield><controlfield tag="004" >A00000000</controlfield><datafield tag="245" ind1=" " ind2=" "><subfield code="a">Carta de poder y procuración de Pedro de Toledo a favor de Rodrigo [Bernardes] para vender o arrendar unas casas en la ciudad de Toledo.</subfield></datafield><datafield tag="300" ind1=" " ind2=" "><subfield code="c">1 folio (557r-557v)</subfield></datafield><datafield tag="351" ind1=" " ind2=" "><subfield code="a">Documento</subfield><subfield code="c">Archivo Histórico Provincial. Array</subfield><subfield code="a">Documento</subfield><subfield code="c">Archivo Histórico Provincial. Array</subfield></datafield><datafield tag="351" ind1=" " ind2=" "><subfield code="b">F.557</subfield></datafield><datafield tag="520" ind1=" " ind2=" "><subfield code="a">Casas en la colación de Santa Leocadia la Vieja, de la herencia de sus padres Juan Gónzalez Bueno y Catalina Sánchez, cargadas con un censo del Monasterio de la Trinidad de 550 maravedís al año</subfield></datafield><datafield tag="567" ind1=" " ind2=" "><subfield code="a">Salvador Cervantes Gómez</subfield></datafield><datafield tag="583" ind1=" " ind2=" "><subfield code="u">http://www.regmurcia.com/servlet/s.Sl?METHOD=VERDOCUMENTO&amp;sit=serv,Carmesi&amp;n=/03/2357/indice.djvu</subfield></datafield><datafield tag="592" ind1=" " ind2=" "><subfield code="b">1490-11-26</subfield></datafield><datafield tag="592" ind1=" " ind2=" "><subfield code="d">1490-11-26 00:00:00</subfield></datafield><datafield tag="786" ind1=" " ind2=" "><subfield code="o">http://www.regmurcia.com/servlet/s.Sl?METHOD=VERDOCUMENTO&amp;sit=serv,Carmesi&amp;n=/03/2357/indice.djvu</subfield></datafield><datafield tag="856" ind1=" " ind2=" "><subfield code="u">http://www.regmurcia.com/servlet/s.Sl?METHOD=DETALLE&amp;sit=c,373,m,139,serv,Carmesi&amp;id=119</subfield></datafield></record></metadata></record></GetRecord></OAI-PMH>
